00778nam a2200205 i 4500003000900000005001700009007000300026008004100029040003000070041000800100082001900108110009400127245005900221264009400280300002800374336002700402337003300429338002800462500008200490DO-SdBNP20251126132047.0ta251120s200? dr 000 0 spa d aDO-SdBNPbspacBNPHUerda aspa 4axxxbR426f2221 aRepública Dominicana.bConsejo de Defensa de la administración Monetaria y Financiera10aFraude y lavado de activos en la quiebra de Baninter : 1aSanto Domingo :bConsejo de Defensa de la Administración Monetaria y Financiera,c200?. a133 páginas ;c22 cm. 2rdacontentatextobtxt 2rdamediaasin mediaciónbn 2rdacarrieravolumenbnc adictámenes de los juristas Jesús-María Silva Sánchez y David Baigún